[Event "Post SV Uelzen-AE Magdeburg"]
[Site "Greifswald"]
[Date "2017.09.08"]
[Round "4.1"]
[White "Roseneck, Jonas"]
[Black "von Estorff, Jacob"]
[Result "0-1"]
[WhiteElo "2134"]
[BlackElo "1886"]
[PlyCount "130"]
[EventDate "2017.??.??"]
[WhiteTeam "AE Magdeburg"]
[BlackTeam "Post SV Uelzen"]

1. e4 c5 2. Nf3 Nc6 3. d4 cxd4 4. Nxd4 g6 5. Nc3 Bg7 6. Nb3 Nf6 7. Be2 O-O 8.
O-O d6 9. Re1 Be6 10. Bf1 d5 11. Nc5 d4 12. Nxe6 fxe6 13. Ne2 e5 14. Ng3 Rc8
15. Bc4+ Kh8 16. h4 Qd7 17. h5 Nxh5 18. Nxh5 gxh5 19. Be2 h4 20. a3 Bf6 21. Bg4
e6 22. Qf3 Qe7 23. b4 Nd8 24. Qd1 Bg5 25. Rb1 Bxc1 26. Qxc1 Qf7 27. f3 Qg6 28.
Rb3 Nf7 29. Kf2 Ng5 30. Rh1 Qxe4 31. Kg1 Rxc2 32. Qd1 Qe2 33. Qxe2 Rxe2 34.
Rxh4 Rc2 35. Rh5 Rg8 36. Rd3 Rc3 37. Rxc3 dxc3 38. Kf2 Rc8 39. Rh1 Kg7 40. Ke3
c2 41. Rc1 Kg6 42. f4 exf4+ 43. Kxf4 Rc4+ 44. Kg3 Ne4+ 45. Kh2 Nd2 46. Be2 Nb3
47. Rxc2 Rxc2 48. Bd3+ Kg7 49. Bxc2 Nd4 50. Be4 b5 51. Kg3 h6 52. Kg4 Kf6 53.
Kh5 Ke5 54. Bd3 Kf4 55. Kxh6 e5 56. g3+ Kxg3 57. Kg5 Kf3 58. Kf6 e4 59. Bf1 a6
60. Ke5 Nc2 61. a4 bxa4 62. Bxa6 Nxb4 63. Bb7 Ke3 64. Bxe4 Nd3+ 65. Kf5 Kd4 0-1

[Event "Post SV Uelzen-AE Magdeburg"]
[Site "Greifswald"]
[Date "2017.09.08"]
[Round "4.2"]
[White "Knüdel, Torben"]
[Black "Wagner, Benjamin"]
[Result "1-0"]
[WhiteElo "1837"]
[BlackElo "1988"]
[PlyCount "75"]
[EventDate "2017.??.??"]
[WhiteTeam "Post SV Uelzen"]
[BlackTeam "AE Magdeburg"]

1. e4 e5 2. Nf3 Nc6 3. d4 exd4 4. Nxd4 Bc5 5. Nb3 Bb6 6. Nc3 Nf6 7. Be2 d6 8.
O-O O-O 9. Bg5 h6 10. Bh4 Be6 11. Kh1 Re8 12. f4 Qe7 13. Bf3 a5 14. e5 dxe5 15.
Bxc6 bxc6 16. fxe5 Bxb3 17. exf6 Qb4 18. Qh5 Bc4 19. Qg4 g6 20. a3 Be6 21. Qxe6
Qxh4 22. Qxc6 Rad8 23. Rad1 Kh7 24. Rxd8 Rxd8 25. g3 Qh3 26. Qc4 Kg8 27. Qe2 h5
28. Rf4 Qc8 29. Re4 Qa8 30. h3 Qc6 31. Qf3 Rd2 32. Qf4 Rxc2 33. Qh6 Rc1+ 34.
Qxc1 Bd4 35. Qf4 Bxc3 36. bxc3 Qxc3 37. Re8+ Kh7 38. Rh8+ 1-0

[Event "Post SV Uelzen-AE Magdeburg"]
[Site "Greifswald"]
[Date "2017.09.08"]
[Round "4.3"]
[White "Hoffmann, Lennard"]
[Black "Askerov, Imamali"]
[Result "1-0"]
[WhiteElo "1957"]
[BlackElo "1810"]
[PlyCount "71"]
[EventDate "2017.??.??"]
[WhiteTeam "AE Magdeburg"]
[BlackTeam "Post SV Uelzen"]

1. e4 c5 2. Nf3 e6 3. d4 cxd4 4. Nxd4 a6 5. Nc3 Qc7 6. Be3 Nf6 7. a3 b5 8. Bd3
Bb7 9. f3 Be7 10. O-O O-O 11. Qd2 Nc6 12. Kh1 d5 13. exd5 Nxd4 14. Bxd4 Nxd5
15. Rae1 Nxc3 16. Bxc3 Qd8 17. Re5 f5 18. Rxe6 Bc8 19. Re5 Bd6 20. Rd5 Be6 21.
Rd4 Qc7 22. Re1 Rae8 23. Bxf5 Bxf5 24. Rxe8 Rxe8 25. Rxd6 Bxc2 26. Qd4 Bf5 27.
g4 Bc8 28. Kg1 Qe7 29. Rd5 Qc7 30. f4 Be6 31. Rg5 Re7 32. f5 Rd7 33. Qe3 Rd1+
34. Kg2 Bd5+ 35. Kh3 Bf7 36. Bxg7 1-0

[Event "Post SV Uelzen-AE Magdeburg"]
[Site "Greifswald"]
[Date "2017.09.08"]
[Round "4.4"]
[White "Rothenberg, Jannik"]
[Black "Delgado, Robin"]
[Result "0-1"]
[WhiteElo "1783"]
[BlackElo "1685"]
[PlyCount "92"]
[EventDate "2017.??.??"]
[WhiteTeam "Post SV Uelzen"]
[BlackTeam "AE Magdeburg"]

1. d4 c5 2. d5 e5 3. e4 d6 4. c4 Be7 5. Nc3 Bg5 6. Bd3 a6 7. Nge2 Bxc1 8. Rxc1
Nh6 9. O-O O-O 10. Qd2 f5 11. f4 Nd7 12. exf5 Nxf5 13. Bxf5 Rxf5 14. Ne4 Qe7
15. N2g3 Rf8 16. Rce1 b5 17. Ng5 Nb6 18. Qc2 g6 19. b3 Qd8 20. Ne6 Bxe6 21.
dxe6 Rxf4 22. Rxf4 exf4 23. Ne2 f3 24. gxf3 bxc4 25. bxc4 d5 26. cxd5 Qxd5 27.
Ng3 Re8 28. Qe2 c4 29. Qe3 Qc6 30. f4 Nd5 31. Qe4 Qc5+ 32. Kh1 Nf6 33. Qb7 Qd5+
34. Qxd5 Nxd5 35. f5 c3 36. Kg1 c2 37. Rc1 Rc8 38. Kf2 Nb4 39. Ke2 Nxa2 40. Kd2
Nxc1 41. Kxc1 Kg7 42. fxg6 hxg6 43. Ne2 Kf6 44. Nd4 Ke5 45. Nxc2 Kxe6 46. Kd2
Rxc2+ 0-1

[Event "Hamburger SK-USV Halle"]
[Site "Greifswald"]
[Date "2017.09.08"]
[Round "4.1"]
[White "Perekhozhuk, Maksym"]
[Black "Holinka, Henning"]
[Result "0-1"]
[WhiteElo "1922"]
[BlackElo "2026"]
[PlyCount "116"]
[EventDate "2017.??.??"]
[WhiteTeam "USV Halle"]
[BlackTeam "Hamburger SK"]

1. e4 g6 2. d4 Bg7 3. Nf3 d6 4. Bc4 Nf6 5. Qe2 d5 6. exd5 Nxd5 7. h3 Nb6 8. O-O
Nxc4 9. Qxc4 O-O 10. Bg5 Nd7 11. Re1 Nf6 12. Nbd2 Re8 13. Ne4 Be6 14. Qb4 Nxe4
15. Rxe4 Qd6 16. Qe1 h6 17. Bh4 Bd5 18. Bg3 Qc6 19. Rxe7 Bxf3 20. gxf3 Bxd4 21.
c3 Bb6 22. Re4 f5 23. Re2 Kf7 24. Qd1 Rxe2 25. Qxe2 Re8 26. Qd3 Qe6 27. Rd1
Qxa2 28. Qb5 Qe6 29. Kg2 g5 30. f4 gxf4 31. Bh4 f3+ 32. Kh1 c6 33. Qd3 Qd5 34.
Qf1 Qe4 35. Rd7+ Kf8 36. Qg1 Qe1 37. Rxb7 Qxg1+ 38. Kxg1 Re2 39. Rh7 Rxb2 40.
Rxh6 a5 41. Rxc6 a4 42. Rc8+ Kf7 43. Ra8 Bc7 44. Bg3 Bxg3 45. fxg3 Ra2 46. Ra6
a3 47. Ra5 Ra1+ 48. Kf2 a2 49. Rxf5+ Kg6 50. g4 Rh1 51. Ra5 a1=Q 52. Rxa1 Rxa1
53. Kxf3 Ra3 54. Kf4 Rxc3 55. h4 Rc4+ 56. Kf3 Kf6 57. Kg3 Ke5 58. h5 Kf6 0-1

[Event "Hamburger SK-USV Halle"]
[Site "Greifswald"]
[Date "2017.09.08"]
[Round "4.2"]
[White "Engel, Robert"]
[Black "Paskalev, Vasil"]
[Result "1/2-1/2"]
[WhiteElo "2001"]
[BlackElo "1749"]
[PlyCount "136"]
[EventDate "2017.??.??"]
[WhiteTeam "Hamburger SK"]
[BlackTeam "USV Halle"]

1. e4 e5 2. Nf3 Nf6 3. Nxe5 d6 4. Nf3 Nxe4 5. Nc3 Nxc3 6. dxc3 Be7 7. Bd3 Nc6
8. Bf4 Be6 9. Qd2 Qd7 10. O-O-O O-O-O 11. Kb1 a6 12. h4 Kb8 13. Ng5 Bxg5 14.
hxg5 Bf5 15. f3 Bg6 16. Rh2 Ne5 17. Bxg6 Nxg6 18. Rdh1 Nxf4 19. Qxf4 Qe6 20. b3
Qg6 21. Rh5 Rde8 22. Qd2 Re6 23. Qd3 Re1+ 24. Rxe1 Qxh5 25. f4 h6 26. gxh6 Qxh6
27. Qf5 Qf6 28. Qxf6 gxf6 29. Re7 Rh7 30. g3 Kc8 31. Kc1 Kd8 32. Re3 f5 33. Kd2
Rh6 34. Re1 Kd7 35. Kd3 Rh3 36. Re3 Rh6 37. Re2 Rh3 38. Rg2 c5 39. Ke3 b5 40.
Kf3 b4 41. cxb4 cxb4 42. Rd2 Kc6 43. Rd4 a5 44. a3 bxa3 45. Kg2 Rh8 46. Ra4 Kb5
47. c4+ Kc5 48. Rxa3 Kb4 49. Ra4+ Kxb3 50. Rxa5 Kxc4 51. Rxf5 d5 52. Rxf7 d4
53. Rd7 Kc3 54. f5 d3 55. g4 d2 56. Kf3 Rh1 57. g5 d1=Q+ 58. Rxd1 Rxd1 59. Ke4
Kc4 60. Ke5 Re1+ 61. Kd6 Rd1+ 62. Ke6 Re1+ 63. Kf7 Kd5 64. g6 Ke5 65. g7 Rg1
66. f6 Kf5 67. g8=Q Rxg8 68. Kxg8 Kxf6 1/2-1/2

[Event "Hamburger SK-USV Halle"]
[Site "Greifswald"]
[Date "2017.09.08"]
[Round "4.3"]
[White "Schulemann, Gero"]
[Black "Fuhrmann, Äke"]
[Result "0-1"]
[WhiteElo "1684"]
[BlackElo "1871"]
[PlyCount "160"]
[EventDate "2017.??.??"]
[WhiteTeam "USV Halle"]
[BlackTeam "Hamburger SK"]

1. e4 c5 2. c3 Nf6 3. e5 Nd5 4. d4 cxd4 5. Qxd4 e6 6. g3 Nc6 7. Qe4 d6 8. exd6
Qxd6 9. Bg2 Qe5 10. Ne2 Qxe4 11. Bxe4 Bc5 12. Nf4 Nf6 13. Bg2 O-O 14. O-O Rd8
15. Nd2 e5 16. Ne2 Be6 17. Ne4 Nxe4 18. Bxe4 Bd5 19. Bxd5 Rxd5 20. b4 Bb6 21.
c4 Rd3 22. c5 Bc7 23. a3 Rad8 24. Be3 Ne7 25. Nc1 R3d5 26. Ne2 Nf5 27. Bg5 f6
28. g4 Nd4 29. Nxd4 Rxd4 30. Be3 Rxg4+ 31. Kh1 Kf7 32. c6 Bb6 33. Bxb6 axb6 34.
Rfd1 Ke7 35. cxb7 Rb8 36. Rac1 Rxb7 37. Rc6 Rd4 38. Rxd4 exd4 39. Kg2 Rd7 40.
Kf3 d3 41. Rc1 d2 42. Rd1 Rd3+ 43. Ke2 Rxa3 44. Kxd2 Rh3 45. Rg1 g6 46. Rh1 Kd7
47. b5 Kd6 48. Rc1 Rxh2 49. Rc6+ Kd7 50. Rxf6 Kc7 51. Ke3 Rh5 52. f4 Rxb5 53.
Rf7+ Kc6 54. Rxh7 Rd5 55. Rh6 Rd6 56. Ke4 Kc5 57. Ke5 b5 58. Rh1 Rc6 59. Rc1+
Kb6 60. Rb1 Rc5+ 61. Ke4 Rc4+ 62. Ke5 b4 63. Rg1 Rc6 64. Kd5 Kb5 65. Rg3 Rc5+
66. Kd4 Rc4+ 67. Kd5 Rxf4 68. Rxg6 Ka4 69. Rg8 b3 70. Ra8+ Kb4 71. Rb8+ Kc3 72.
Rc8+ Kd2 73. Rb8 Kc2 74. Rc8+ Kb1 75. Rb8 b2 76. Ra8 Rf2 77. Rh8 Rd2+ 78. Kc4
Kc1 79. Kc3 b1=Q 80. Rh3 Qb2+ 0-1

[Event "Hamburger SK-USV Halle"]
[Site "Greifswald"]
[Date "2017.09.08"]
[Round "4.4"]
[White "Foo, Tzun Hong"]
[Black "Petrick, Valentin"]
[Result "1-0"]
[WhiteElo "1796"]
[BlackElo "1369"]
[PlyCount "49"]
[EventDate "2017.??.??"]
[WhiteTeam "Hamburger SK"]
[BlackTeam "USV Halle"]

1. e4 e5 2. Nf3 Nc6 3. Bb5 a6 4. Ba4 b5 5. Bb3 Na5 6. Nxe5 Nxb3 7. axb3 Qe7 8.
d4 d6 9. Nf3 Qxe4+ 10. Be3 Bg4 11. Nbd2 Qg6 12. c4 b4 13. h3 Be6 14. Nh4 Qf6
15. Ndf3 h6 16. d5 Bd7 17. O-O Qd8 18. Bd4 Nf6 19. Qe2+ Qe7 20. Qd3 c5 21. Rfe1
Be6 22. dxe6 cxd4 23. exf7+ Kxf7 24. Rxe7+ Kxe7 25. Ng6+ 1-0

[Event "Mattnetz Berlin-GA Rüdersdorf"]
[Site "Greifswald"]
[Date "2017.09.08"]
[Round "4.1"]
[White "Buller, Ian Joshua"]
[Black "Verbitsky, Jaroslaw"]
[Result "1/2-1/2"]
[WhiteElo "1807"]
[BlackElo "1828"]
[PlyCount "79"]
[EventDate "2017.??.??"]
[WhiteTeam "GA Rüdersdorf"]
[BlackTeam "Mattnetz Berlin"]

1. e4 c6 2. d4 d5 3. exd5 cxd5 4. Bd3 Nc6 5. c3 Nf6 6. h3 e5 7. dxe5 Nxe5 8.
Nf3 Nxd3+ 9. Qxd3 Be7 10. O-O O-O 11. Bg5 h6 12. Bh4 b6 13. Re1 Bb7 14. Nbd2
Re8 15. Bxf6 Bxf6 16. Rxe8+ Qxe8 17. Re1 Qa4 18. a3 Qa6 19. Qxa6 Bxa6 20. Nf1
Kf8 21. Ne3 Rd8 22. Rd1 Bb7 23. Nd4 g6 24. f4 Re8 25. Kf2 Bxd4 26. Rxd4 Re4 27.
Kf3 Rxd4 28. cxd4 h5 29. f5 Kg7 30. fxg6 fxg6 31. Kf4 Kf6 32. h4 Bc6 33. Nc2 a5
34. Ne1 Ba4 35. Nf3 Bb5 36. Ne5 Ba4 37. g3 Be8 38. b3 a4 39. b4 Bb5 40. Nf3
1/2-1/2

[Event "Mattnetz Berlin-GA Rüdersdorf"]
[Site "Greifswald"]
[Date "2017.09.08"]
[Round "4.2"]
[White "Petersen, Marcel"]
[Black "Sperling, Niclas"]
[Result "1-0"]
[WhiteElo "1608"]
[BlackElo "1639"]
[PlyCount "95"]
[EventDate "2017.??.??"]
[WhiteTeam "Mattnetz Berlin"]
[BlackTeam "GA Rüdersdorf"]

1. e4 c5 2. Nf3 g6 3. d4 cxd4 4. Nxd4 Bg7 5. Be3 Nf6 6. Nc3 Nc6 7. Bc4 O-O 8.
Bb3 d6 9. f3 Na5 10. Qd2 Nxb3 11. axb3 Bd7 12. Bh6 Qb6 13. Bxg7 Kxg7 14. g4 Rh8
15. h4 h6 16. O-O-O a5 17. g5 hxg5 18. hxg5 Nh5 19. Nd5 Qd8 20. f4 a4 21. Qc3
Kg8 22. Kb1 e6 23. Ne3 Qa5 24. Qxa5 Rxa5 25. b4 Ra8 26. Nc4 d5 27. exd5 exd5
28. Nb6 Rd8 29. Nxd5 Bg4 30. Nc6 Bxd1 31. Nxd8 Bf3 32. Nf6+ Nxf6 33. Rxh8+ Kxh8
34. gxf6 Kg8 35. c4 Kf8 36. b5 Ke8 37. Nxb7 Bxb7 38. Ka2 Kd7 39. c5 Ke6 40. Ka3
Kf5 41. c6 Ba8 42. Kxa4 Kxf4 43. Ka5 g5 44. Ka6 g4 45. c7 g3 46. c8=Q g2 47.
Qc1+ Kg3 48. Qg1 1-0

[Event "Mattnetz Berlin-GA Rüdersdorf"]
[Site "Greifswald"]
[Date "2017.09.08"]
[Round "4.3"]
[White "May, Ben-Iven"]
[Black "Stockter, Jasper Enno"]
[Result "1-0"]
[WhiteElo "1600"]
[BlackElo "1576"]
[PlyCount "55"]
[EventDate "2017.??.??"]
[WhiteTeam "GA Rüdersdorf"]
[BlackTeam "Mattnetz Berlin"]

1. Nf3 Nf6 2. g3 g6 3. b3 Bg7 4. Bb2 O-O 5. Bg2 d5 6. c4 c6 7. O-O Nbd7 8. d3
Re8 9. Qc2 e5 10. Nbd2 d4 11. Ba3 Bf8 12. Bxf8 Kxf8 13. b4 c5 14. a3 Rb8 15.
Rab1 b6 16. Nb3 Qc7 17. Nc1 Bb7 18. e4 dxe3 19. fxe3 e4 20. Ng5 exd3 21. Qxd3
Bxg2 22. Kxg2 Ne5 23. Qc3 Qc6+ 24. Kg1 h6 25. Rxf6 Qd7 26. Rxf7+ Nxf7 27. Nh7+
Ke7 28. Qf6# 1-0

[Event "Mattnetz Berlin-GA Rüdersdorf"]
[Site "Greifswald"]
[Date "2017.09.08"]
[Round "4.4"]
[White "Karge, Ole Jannes"]
[Black "Eichelbaum, Georg"]
[Result "1-0"]
[WhiteElo "1349"]
[BlackElo "1341"]
[PlyCount "95"]
[EventDate "2017.??.??"]
[WhiteTeam "Mattnetz Berlin"]
[BlackTeam "GA Rüdersdorf"]

1. e4 e5 2. Nf3 Nc6 3. d4 exd4 4. Nxd4 Nf6 5. Nxc6 bxc6 6. Nc3 Bb4 7. Bd2 Bxc3
8. Bxc3 Nxe4 9. Bxg7 Qe7 10. Qe2 Rg8 11. Bd4 Rb8 12. f3 Ng5 13. Qxe7+ Kxe7 14.
Kf2 Ne6 15. Bc3 d5 16. b3 c5 17. Be5 f6 18. Bg3 Bb7 19. Bd3 Rg7 20. Rhe1 Rbg8
21. Bf5 Bc8 22. Rad1 c6 23. Re2 Kf7 24. Rde1 Re8 25. Bg4 Rxg4 26. fxg4 Bd7 27.
Bd6 a6 28. h4 Kg6 29. Kg3 Kf7 30. Kh2 Rg8 31. g5 f5 32. Rf2 Kg6 33. g4 Ng7 34.
h5+ Kxg5 35. Be7+ Kh6 36. Bxc5 Ne6 37. Be3+ Ng5 38. gxf5 Rf8 39. Rg1 Rg8 40. f6
Kxh5 41. Rxg5+ Rxg5 42. f7 Re5 43. f8=Q Rxe3 44. Qf7+ Kh4 45. Qf4+ Bg4 46. Qxe3
d4 47. Qh6+ Bh5 48. Rf4# 1-0

[Event "Peiner SV-Delmenhorster SK"]
[Site "Greifswald"]
[Date "2017.09.08"]
[Round "4.1"]
[White "Silber, Kevin"]
[Black "Kück, Artur"]
[Result "1-0"]
[WhiteElo "1993"]
[BlackElo "1720"]
[PlyCount "63"]
[EventDate "2017.??.??"]
[WhiteTeam "Delmenhorster SK"]
[BlackTeam "Peiner SV"]

1. e4 Nf6 2. e5 Nd5 3. c4 Nb6 4. d4 d6 5. exd6 exd6 6. Nc3 Nc6 7. Be3 Be7 8.
Bd3 Bf6 9. Nge2 O-O 10. b3 Re8 11. h3 Bd7 12. O-O Bg5 13. Bxg5 Qxg5 14. Ne4 Qe7
15. N4g3 Nb4 16. Bb1 c5 17. a3 Nc6 18. Bc2 Qh4 19. d5 Ne5 20. f4 Ng6 21. Ne4
Qe7 22. f5 Ne5 23. f6 Qf8 24. fxg7 Qxg7 25. Nf6+ Kh8 26. Nxe8 Rxe8 27. Nf4 Rg8
28. Qe2 Qg3 29. Qf2 Qc3 30. Rac1 Bxh3 31. Nxh3 Qxh3 32. Qf6+ 1-0

[Event "Peiner SV-Delmenhorster SK"]
[Site "Greifswald"]
[Date "2017.09.08"]
[Round "4.2"]
[White "Behme, Elias"]
[Black "Steffens, Oliver"]
[Result "1/2-1/2"]
[WhiteElo "1456"]
[BlackElo "1985"]
[PlyCount "74"]
[EventDate "2017.??.??"]
[WhiteTeam "Peiner SV"]
[BlackTeam "Delmenhorster SK"]

1. c4 Nf6 2. Nc3 e6 3. g3 d5 4. cxd5 exd5 5. d4 Be7 6. Bg2 O-O 7. Bg5 c6 8. Nf3
h6 9. Bxf6 Bxf6 10. O-O Bf5 11. e3 Nd7 12. b4 Qb6 13. a3 a5 14. Qb3 Be7 15. b5
Bd3 16. Rfc1 Bc4 17. Qb2 c5 18. a4 cxd4 19. Nxd4 Nf6 20. Nc2 Rac8 21. Rd1 Rfd8
22. Na3 Bb4 23. Nxc4 dxc4 24. Rac1 Rd3 25. Nd5 Rxd1+ 26. Rxd1 Nxd5 27. Bxd5 c3
28. Qb3 Qc7 29. Rc1 Qd7 30. Kg2 Kf8 31. Rc2 Rd8 32. e4 g6 33. Qc4 h5 34. f3 h4
35. g4 f5 36. gxf5 gxf5 37. Qd4 Qg7+ 1/2-1/2

[Event "Peiner SV-Delmenhorster SK"]
[Site "Greifswald"]
[Date "2017.09.08"]
[Round "4.3"]
[White "Petri, Ben-Luca"]
[Black "Arvis, Yekta Umut"]
[Result "1-0"]
[WhiteElo "1779"]
[BlackElo "1178"]
[PlyCount "97"]
[EventDate "2017.??.??"]
[WhiteTeam "Delmenhorster SK"]
[BlackTeam "Peiner SV"]

1. e4 e5 2. Nf3 Nc6 3. Bb5 a6 4. Bxc6 dxc6 5. O-O Bd6 6. d4 Bg4 7. dxe5 Bxf3 8.
Qxf3 Bxe5 9. Nd2 Qf6 10. Qxf6 Nxf6 11. Nf3 Nd7 12. Nxe5 Nxe5 13. f4 Nd7 14. Bd2
O-O 15. Rae1 Rfe8 16. Kf2 Rad8 17. Kf3 Nb6 18. Bc1 f6 19. b3 Kf7 20. Rd1 Rxd1
21. Rxd1 g6 22. Be3 Nc8 23. Rd7+ Re7 24. Rxe7+ Kxe7 25. Bc5+ Ke6 26. g4 b6 27.
Ba3 Nd6 28. Bb2 c5 29. e5 fxe5 30. Bxe5 b5 31. h4 c6 32. Bxd6 Kxd6 33. c4 Ke6
34. Ke4 Kf6 35. f5 gxf5+ 36. gxf5 h5 37. a4 b4 38. a5 Kg7 39. Ke5 Kf7 40. f6
Kf8 41. Kf5 Kf7 42. Kg5 Ke6 43. Kg6 Ke5 44. f7 Kd4 45. f8=Q Kc3 46. Qxc5 Kxb3
47. Qxc6 Ka3 48. Qxa6 b3 49. Qb7 1-0

[Event "Peiner SV-Delmenhorster SK"]
[Site "Greifswald"]
[Date "2017.09.08"]
[Round "4.4"]
[White "Stein, Luis"]
[Black "Sinnhöfer, Jonas"]
[Result "0-1"]
[WhiteElo "1363"]
[BlackElo "1870"]
[PlyCount "58"]
[EventDate "2017.??.??"]
[WhiteTeam "Peiner SV"]
[BlackTeam "Delmenhorster SK"]

1. e4 e5 2. Nf3 Nc6 3. d4 exd4 4. Nxd4 Nf6 5. Nxc6 bxc6 6. Nc3 Bb4 7. Bd3 d5 8.
exd5 O-O 9. O-O cxd5 10. a3 Bd6 11. Qf3 c6 12. Re1 Bg4 13. Qe3 d4 14. Qd2 dxc3
15. Qxc3 Qc7 16. Kh1 Bh5 17. h3 Rfe8 18. Bd2 Be5 19. Qb3 Rab8 20. Qa4 Bxb2 21.
Rxe8+ Rxe8 22. Rb1 Be5 23. f4 Bd6 24. g4 Nxg4 25. hxg4 Bxg4 26. Be4 Qe7 27. Re1
Qh4+ 28. Kg1 Bc5+ 29. Be3 Qxe1+ 0-1

[Event "Johanneum Eppendorf-Stader SV"]
[Site "Greifswald"]
[Date "2017.09.08"]
[Round "4.1"]
[White "Bargsten, Justus"]
[Black "Keyser, Philipp"]
[Result "1/2-1/2"]
[WhiteElo "1890"]
[BlackElo "1968"]
[PlyCount "113"]
[EventDate "2017.??.??"]
[WhiteTeam "Stader SV"]
[BlackTeam "Johanneum Eppendorf"]

1. e4 c5 2. Nf3 d6 3. Bb5+ Nd7 4. O-O Ngf6 5. Re1 g6 6. c3 Bg7 7. d4 cxd4 8.
cxd4 a6 9. Bd3 O-O 10. Nc3 b5 11. a3 Nb6 12. b3 Bb7 13. Bb2 Rc8 14. Qe2 Nh5 15.
g3 Rc7 16. a4 b4 17. a5 bxc3 18. axb6 Rc6 19. Bc1 Rxb6 20. Bxa6 Qa8 21. Bxb7
Qxa1 22. Bd5 Qa5 23. Bc4 Nf6 24. e5 dxe5 25. Qxe5 Qxe5 26. dxe5 Ng4 27. h3 Nh6
28. Be3 Rb7 29. g4 Kh8 30. Bd4 c2 31. Rc1 Ng8 32. Rxc2 e6 33. Ra2 Ne7 34. Bc5
Rd8 35. Ng5 Kg8 36. Bd6 Nc6 37. f4 Bh6 38. h4 Bxg5 39. hxg5 Ra7 40. Rxa7 Nxa7
41. Kf2 Kg7 42. Ke3 h5 43. gxh6+ Kxh6 44. f5 Nc8 45. fxe6 Nxd6 46. exd6 fxe6
47. Ke4 Rxd6 48. Ke5 Rb6 49. Bxe6 Kg5 50. Bd5 Kxg4 51. Kd4 Kf4 52. Kc5 Rb8 53.
b4 Ke5 54. Bc6 g5 55. b5 g4 56. b6 g3 57. b7 1/2-1/2

[Event "Johanneum Eppendorf-Stader SV"]
[Site "Greifswald"]
[Date "2017.09.08"]
[Round "4.2"]
[White "Keyser, Robin"]
[Black "Hammann, Moritz"]
[Result "1-0"]
[WhiteElo "1972"]
[BlackElo "1708"]
[PlyCount "79"]
[EventDate "2017.??.??"]
[WhiteTeam "Johanneum Eppendorf"]
[BlackTeam "Stader SV"]

1. d4 d5 2. c4 e6 3. Nf3 Nf6 4. g3 dxc4 5. Bg2 Nbd7 6. Qa4 Be7 7. O-O O-O 8.
Qxc4 Nb6 9. Qc2 Bd7 10. Ne5 Qc8 11. e4 c5 12. Nxd7 Nfxd7 13. d5 exd5 14. exd5
Nf6 15. Nc3 Qd7 16. Bf4 Nh5 17. Be3 Rac8 18. Rad1 Nc4 19. Ne4 Nxe3 20. fxe3 f5
21. Bh3 g6 22. d6 Bd8 23. Nxc5 Qc6 24. Qb3+ Rf7 25. d7 Rb8 26. Nd3 Qb6 27. Nc1
Nf6 28. Qc3 Nxd7 29. Bg2 Nf6 30. Kh1 Qe6 31. Nd3 Ne4 32. Qa3 Bb6 33. Nf4 Qe7
34. Qb3 Re8 35. Nd5 Qe6 36. g4 f4 37. Nxb6 Qxb3 38. axb3 axb6 39. exf4 Rfe7 40.
Kg1 1-0

[Event "Johanneum Eppendorf-Stader SV"]
[Site "Greifswald"]
[Date "2017.09.08"]
[Round "4.3"]
[White "Kowalski, Ben Wito"]
[Black "Liebert, Marcel"]
[Result "1-0"]
[WhiteElo "1602"]
[BlackElo "1257"]
[PlyCount "53"]
[EventDate "2017.??.??"]
[WhiteTeam "Stader SV"]
[BlackTeam "Johanneum Eppendorf"]

1. f4 d5 2. Nf3 g6 3. g3 Bg7 4. Bg2 Nh6 5. c3 O-O 6. Na3 c5 7. O-O Nc6 8. Nc2
e6 9. Rb1 a5 10. d3 Nf5 11. e4 Nfe7 12. Be3 b6 13. Qd2 Qd7 14. a3 Ba6 15. e5
Rad8 16. b4 Nf5 17. b5 d4 18. cxd4 Ncxd4 19. Bxd4 Bxb5 20. Bc3 Bxd3 21. Rfe1
Bxc2 22. Qxc2 Qd3 23. Qd2 Qa6 24. Qb2 Rd3 25. Bf1 Rfd8 26. Bxd3 Rxd3 27. Kf2
1-0

[Event "Johanneum Eppendorf-Stader SV"]
[Site "Greifswald"]
[Date "2017.09.08"]
[Round "4.4"]
[White "Soppe, Moritz"]
[Black "Ahlf, Nico"]
[Result "0-1"]
[WhiteElo "1051"]
[BlackElo "1606"]
[PlyCount "86"]
[EventDate "2017.??.??"]
[WhiteTeam "Johanneum Eppendorf"]
[BlackTeam "Stader SV"]

1. e4 e5 2. Nf3 Nc6 3. d4 exd4 4. Nxd4 Bc5 5. Be3 Qf6 6. c3 Nge7 7. Qd2 Bb6 8.
Nb5 Bxe3 9. Qxe3 O-O 10. Nxc7 Rb8 11. Nd2 d6 12. Bc4 Be6 13. Nb5 d5 14. Bd3
Rbd8 15. Nd4 Nxd4 16. Qxd4 Qxd4 17. cxd4 dxe4 18. Bxe4 Rxd4 19. f3 Rfd8 20. Nb3
Bxb3 21. axb3 b6 22. O-O f5 23. Bc2 a5 24. Rfe1 Kf7 25. Rad1 Rxd1 26. Rxd1
Rxd1+ 27. Bxd1 Ke6 28. Kf2 Ke5 29. g3 g5 30. Bc2 h6 31. Ke2 Nd5 32. Kf2 f4 33.
g4 Kd4 34. Ke2 Nb4 35. Bd1 Nd3 36. Bc2 Nxb2 37. Kd2 b5 38. Be4 a4 39. bxa4 bxa4
40. Kc2 Nc4 41. Bd3 Ne5 42. Be4 Ke3 43. Kd1 Nxf3 0-1

[Event "SK Lehrte-Doppelbauer Kiel"]
[Site "Greifswald"]
[Date "2017.09.08"]
[Round "4.1"]
[White "Arndt, Magnus"]
[Black "Stelmaszyk, Nico"]
[Result "1/2-1/2"]
[WhiteElo "2055"]
[BlackElo "1912"]
[PlyCount "34"]
[EventDate "2017.??.??"]
[WhiteTeam "Doppelbauer Kiel"]
[BlackTeam "SK Lehrte"]

1. e4 Nf6 2. Nc3 d5 3. exd5 Nxd5 4. Nf3 Bg4 5. h3 Bh5 6. g3 e6 7. Bg2 Nc6 8.
O-O Be7 9. d4 O-O 10. Ne2 Bg6 11. a3 Bf6 12. b3 Nde7 13. Bb2 Be4 14. Qd2 e5 15.
dxe5 Qxd2 16. Nxd2 Bxg2 17. Kxg2 Bxe5 1/2-1/2

[Event "SK Lehrte-Doppelbauer Kiel"]
[Site "Greifswald"]
[Date "2017.09.08"]
[Round "4.2"]
[White "Meiwes, Thore"]
[Black "Günther, Emil"]
[Result "1/2-1/2"]
[WhiteElo "1687"]
[BlackElo "1574"]
[PlyCount "98"]
[EventDate "2017.??.??"]
[WhiteTeam "SK Lehrte"]
[BlackTeam "Doppelbauer Kiel"]

1. d4 Nf6 2. Bf4 d5 3. e3 c5 4. c3 Nc6 5. Nd2 Qb6 6. Qb3 c4 7. Qc2 e6 8. b3
cxb3 9. axb3 Be7 10. Bd3 O-O 11. Ngf3 h6 12. O-O Bd7 13. h3 Rfc8 14. Qb2 a5 15.
Rfb1 Na7 16. c4 Qb4 17. Ne1 dxc4 18. bxc4 Qxb2 19. Rxb2 Bb4 20. Rab1 b5 21. Ne4
bxc4 22. Nxf6+ gxf6 23. Be4 Bc6 24. Bxc6 Rxc6 25. Nc2 c3 26. Nxb4 axb4 27. Rxb4
Kg7 28. Ra4 Rcc8 29. Rba1 c2 30. e4 Rc3 31. Rxa7 Rxa7 32. Rxa7 c1=Q+ 33. Bxc1
Rxc1+ 34. Kh2 Rc4 35. d5 Rxe4 36. dxe6 Rxe6 37. g4 Rb6 38. Kg3 Rb3+ 39. f3 Rb1
40. h4 Rg1+ 41. Kf4 Rh1 42. h5 Rb1 43. Ra5 Rb4+ 44. Kf5 Rb3 45. f4 Rb6 46. Rd5
Ra6 47. g5 fxg5 48. fxg5 hxg5 49. Kxg5 Rb6 1/2-1/2

[Event "SK Lehrte-Doppelbauer Kiel"]
[Site "Greifswald"]
[Date "2017.09.08"]
[Round "4.3"]
[White "Steinbach, Julian"]
[Black "Reimer, Philip"]
[Result "1-0"]
[WhiteElo "1343"]
[BlackElo "1506"]
[PlyCount "61"]
[EventDate "2017.??.??"]
[WhiteTeam "Doppelbauer Kiel"]
[BlackTeam "SK Lehrte"]

1. e4 e5 2. Nf3 Nc6 3. Bc4 Bc5 4. d3 Nf6 5. Bg5 h6 6. Bh4 g5 7. Bg3 d6 8. O-O
Bg4 9. c3 a6 10. b4 Ba7 11. Nbd2 Nh5 12. d4 exd4 13. Qb3 Qd7 14. e5 Nxg3 15.
hxg3 dxe5 16. Rfe1 O-O-O 17. Ne4 Kb8 18. Nc5 Bxc5 19. bxc5 Bxf3 20. gxf3 Na5
21. Qb4 Nxc4 22. Qxc4 Qd5 23. Qb4 Qxf3 24. Rab1 Rhe8 25. Rec1 dxc3 26. Rxc3
Rd1+ 27. Rxd1 Qxd1+ 28. Kg2 Qd5+ 29. Kg1 Rd8 30. Rb3 Qf3 31. Rxf3 1-0

[Event "SK Lehrte-Doppelbauer Kiel"]
[Site "Greifswald"]
[Date "2017.09.08"]
[Round "4.4"]
[White "Schieble, Johannes"]
[Black "Jüngerich, Robin"]
[Result "1-0"]
[WhiteElo "1379"]
[BlackElo "986"]
[PlyCount "79"]
[EventDate "2017.??.??"]
[WhiteTeam "SK Lehrte"]
[BlackTeam "Doppelbauer Kiel"]

1. e4 e6 2. d4 d5 3. exd5 exd5 4. Nf3 Nf6 5. Bd3 Bd6 6. Bg5 O-O 7. O-O Nbd7 8.
Nbd2 c5 9. c3 b6 10. Qc2 Qc7 11. Rfe1 cxd4 12. cxd4 Qxc2 13. Bxc2 h6 14. Bxf6
Nxf6 15. Ne5 Bb7 16. Ndf3 Rfe8 17. Ba4 Re7 18. Bc6 Bxc6 19. Nxc6 Rxe1+ 20. Rxe1
Ne4 21. Nfe5 a5 22. f3 Ng5 23. a4 Rc8 24. Rc1 Re8 25. Nd7 Bf4 26. Rc2 Ne6 27.
Nxb6 Be3+ 28. Kf1 Nxd4 29. Nxd4 Bxd4 30. Nxd5 Rb8 31. Ne7+ Kf8 32. Nc6 Rxb2 33.
Nxd4 Rxc2 34. Nxc2 Ke7 35. Ke2 Kd6 36. Kd2 Kd5 37. Kc3 Kc5 38. Ne3 g6 39. Nc4
f5 40. Nxa5 1-0